Search the Library Catalogue
| 000 -LEADER | |
|---|---|
| fixed length control field | 01303nam a2200169Ia 4500 |
| 008 - FIXED-LENGTH DATA ELEMENTS--GENERAL INFORMATION | |
| fixed length control field | 250728s9999 xx 000 0 und d |
| 020 ## - INTERNATIONAL STANDARD BOOK NUMBER | |
| ISBN | 9780060854195 |
| 082 ## - DEWEY DECIMAL CLASSIFICATION NUMBER | |
| Classification number | 951.057 |
| Item number | TEN |
| 100 ## - MAIN ENTRY--AUTHOR NAME | |
| Personal name | Qichen, Qian |
| 245 #0 - TITLE STATEMENT | |
| Title | Ten Episodes in China's Diplomacy |
| 260 ## - PUBLICATION, DISTRIBUTION, ETC. (IMPRINT) | |
| Name of publisher | Harper Collins |
| Year of publication | 2006 |
| 300 ## - PHYSICAL DESCRIPTION | |
| Number of Pages | 372 pages |
| 500 ## - GENERAL NOTE | |
| General note | Qian Qichen played a direct role in some of the most dramatic moments in recent Chinese history -- including standoffs, efforts to build alliances, and historic summits -- and here he recounts these episodes from behind the scenes. Having witnessed and influenced high-powered political crossroads, he shows just how global relationships are delicately maintained through rarely seen negotiations. Qichen's remembrance covers world-changing events, including the thawing of China's relationship with the Soviet Union; Nelson Mandela's visit to China after his release from prison; the normalization of Sino-Indonesian relations; and the transfer of Hong Kong. As China continues to rise on the world stage, Qichen offers an inside look at its politics and relationships to other countries, helping us understand the past, present, and future of one of the world's greatest powers. |
| 650 ## - SUBJECT ADDED ENTRY--TOPICAL TERM | |
| Topical Term | Biography & Autobiography |
| 942 ## - ADDED ENTRY ELEMENTS (KOHA) | |
| Koha item type | English Books |
| Withdrawn status | Lost status | Damaged status | Not for loan | Home library | Current library | Shelving location | Date acquired | Full call number | Accession Number | Price effective from | Koha item type |
|---|---|---|---|---|---|---|---|---|---|---|---|
| Anna Centenary Library | Anna Centenary Library | 7TH FLOOR, B WING | 28.07.2025 | 951.057 TEN | 493789 | 28.07.2025 | English Books |